| 000 | 01310nam a2200277Ia 4500 | ||
|---|---|---|---|
| 003 | OSt | ||
| 005 | 20200729142823.0 | ||
| 008 | 130821s1998 ck gr spa | ||
| 020 | _a9589333591 | ||
| 040 |
_aCo-BoUCM _bspa _cCO-JMCR |
||
| 041 | 0 | 0 | _aspa |
| 082 | 0 | 4 |
_a346.029 _bZ36e _220 |
| 100 | 1 |
_aZarazo Oviedo, Luis Arnoldo _eautor _98100 |
|
| 245 | 1 | 3 |
_aEl enriquecimiento ilícito : _bAspectos jurd̕icos y procesales / _cLuis Arnoldo Zarazo Oviedo |
| 250 | _aTercera edición | ||
| 260 |
_aBogotá (Cundinamarca, Colombia) : _bJurídicas Gustavo Ibañez, _c1998. |
||
| 300 |
_a257 páginas : _c23 cm. |
||
| 500 | _aIncluye bibliografía e índice, notas a bibliografía a pie de paginas. | ||
| 505 | 0 | _aDelitos contra la administración pública -- Aspectos generales del enriquecimiento ilícito -- Descripción típica en la legislación colombiana -- Aspectos procesales y probatorios -- El enriquecimiento ilícito de particulares -- Utilización indebida de información privilegiada Investigación disciplinaria normativa que la rige | |
| 650 | 2 | 4 |
_aDelitos contra la administración pública _912571 |
| 650 | 2 | 4 |
_aDerecho civil _912711 |
| 650 | 2 | 4 |
_aDerecho civil _zColombia _912711 |
| 650 | 2 | 4 |
_aDerecho comparado _912722 |
| 650 | 2 | 4 |
_aEnriquecimiento ilícito _914546 |
| 942 |
_cBK _2ddc |
||
| 999 |
_c6773 _d6773 |
||